000 00522nam a2200193Ia 4500
003 GCL
005 20240530103846.0
008 140319s9999 xx 000 0 ara d
040 _aGCL /
_cGCL
082 0 4 _a608.7
_bك ف
100 _aوالدمار كمفرت
245 1 0 _aفتوحات علمية
_cوالدمار كمفرت
300 _a327
490 _aالالف كتاب
_v0
650 0 4 _aالاختراعات
650 0 4 _aالعلوم التطبيقية
650 0 4 _aالمخترعون
942 _2ddc
_cBK
999 _c43030
_d43030